00249nam a2200109Ia 4500008004100000100001000041245003200051260002100083650001100104942000700115999001700122190216s9999||||xx |||||||||||||| ||und|| aMayor 0aLaboratory Sasya Physiology bBhasha Institute aBotany cBK c39634d39634